000 01868nam a2200445 i 4500
001 47352
003 ES-MaCES
005 20250526142651.0
007 cr |||||||||||
008 160407s2016 sp | 000 | spa d
017 _aNA 249-2016
_bDL
020 _a9788490997390
040 _aES-MaCES
_bspa
_cES-MaCES
100 1 _921375
_aPreciado Domènech, Carlos Hugo
245 1 0 _aNegociación colectiva en la empresa
_b: respuesta judicial a los problemas prácticos
_cCarlos Hugo Preciado Domènech ; prólogo, Jordi Agustí Julià
250 _a1ª ed
260 _aValladolid
_bLex Nova Thomson Reuters
_c2016
300 _a628 p.
_c25 cm
500 _aDisponible en formato electrónico mediante la aplicación PROVIEW
500 _aÍndice cronológico de sentencias: p. 513-625
500 _aAnexo normativo: p. 459-512
504 _aBibliografía: p. 627-628
541 _cCompra
650 4 _anegociación colectiva
_928362
650 4 _aconvenio colectivo
_928361
650 4 _aacuerdo colectivo de empresa
_931121
650 4 _acondiciones de trabajo
_928327
650 4 _aderecho del trabajo
_927165
650 4 _aderecho constitucional
_927158
650 4 _ajurisprudencia
_928624
650 4 _aderecho jurisprudencial
_929863
650 4 _a2013-2015
_935656
650 4 _aEspaña
_926964
650 4 _arégimen jurídico
_929894
653 1 0 _aDerecho del trabajo y Seguridad Social
700 1 _95712
_aAgustí Julià, Jordi
_ecol.
856 4 _uhttps://legalteca.aranzadilaley.es/my-library?sponsor=82111144-IP
_yLegalteca
902 _aLIB Libro
942 _2CES
_cBK
_h6.0.1.
999 _c47352
_d47352